|
|
|
|
| LEADER |
00000nam a22000007a 4500 |
| 005 |
20220627225940.0 |
| 007 |
cr|||| |||| |
| 008 |
220627s2022 cl |||||s|||| 00||0 spa d |
| 020 |
|
|
|a 956-286-052-3
|
| 035 |
|
|
|a 36618
|
| 040 |
|
|
|a vLex
|
| 090 |
|
|
|c 13479
|d 13479
|
| 245 |
0 |
0 |
|a Accidentes de Trǹsito
|h [Recurso electrn̤ico] :
|b Sn̕tesis Jurisprudencial y Doctrina
|
| 256 |
|
|
|a Servicio en ln̕ea
|
| 300 |
|
|
|a 1 recurso electrn̤ico
|
| 506 |
1 |
|
|a Disponible solo en los productos indicados
|d vLex Global
|d vLex Global (Academic Edition, excluding Law Schools)
|d vLex Global (U.S. Academic Edition, Law Schools)
|d vLex Global (U.S. Academic Edition, excluding Law Schools)
|d vLex Global (Academic Edition, Law Schools)
|
| 650 |
0 |
4 |
|a Derecho Penal
|z Chile
|
| 740 |
0 |
|
|a vLex Libros (Servicio en ln̕ea)
|
| 856 |
4 |
0 |
|u https://app.vlex.com/#/sources/36618
|z Acceso restringido
|
| 942 |
|
|
|c BOOK
|
| 999 |
0 |
|
|a Criminal law
|